Statistics for All nickelodeon shows (21st century)

Click here to take the quiz!

General Stats

  • This quiz has been taken 45 times
  • The average score is 9 of 62

Answer Stats

Answer% Correct
Icarly
74%
Spongebob Squarepants
71%
Henry Danger
63%
Victorious
63%
Drake and Josh
55%
Sam and Cat
55%
The Thundermans
55%
Game Shakers
39%
Zoey 101
39%
The fairly odd parents
34%
Danger force
32%
Nicky Ricky Dicky and Dawn
26%
Rugrats
26%
Teenage Mutant Ninja Turtles
24%
Jimmy Neutron
21%
Big Time Rush
18%
CatDog
18%
Danny Phantom
16%
Hey Arnold
16%
The Haunted Hathaways
16%
Avatar: the last airbender
13%
Kenan and Kel
13%
Sanjay and Craig
13%
The wild Thornberrys
13%
All Grown Up
11%
How to Rock
11%
TUFF Puppy
11%
Bella and the Bulldogs
8%
Breadwinners
8%
Fanboy and Chum chum
8%
Marvin Marvin
8%
My life as a teenage robot
8%
Every Witch Way
5%
Neds declassified school survival guide
5%
Planet Sheen
5%
Rocket Power
5%
School of Rock
5%
Unfabulous
5%
Invader Zim
3%
Just Jordan
3%
Kung Fu Panda
3%
Lazy town
3%
Mr. Meaty
3%
The penguins of Madagascar
3%
Wendell and Vinnie
3%
Back at the Barnyard
0%
Bob the builder
0%
Franklin
0%
Harvey beaks
0%
Life with Boys
0%
Max and Ruby
0%
Max and Shred
0%
Monsters vs Aliens
0%
Noah knows Best
0%
Oggy and the Cockroaches
0%
Rabbids Invasion
0%
Robot and Monster
0%
Romeo
0%
Supah ninjas
0%
Taina
0%
The brothers garcia
0%
The naked brothers band
0%

Score Distribution

Percentile by Number Answered

Percent of People with Each Score

Your Score History

You have not taken this quiz